[Event "Arco op 45th"]
[Site "Arco"]
[Date "2023.10.11"]
[Round "5"]
[White "Hopfgartner, Heinz Roland"]
[Black "Morselli, Stefano"]
[Result "1-0"]
[WhiteElo "2010"]
[BlackElo "1692"]
[PlyCount "55"]
[EventDate "2023.10.07"]
[EventType "swiss"]
[EventRounds "9"]
[EventCountry "ITA"]
[SourceTitle "Mega2024 Update 01"]
[Source "Chessbase"]
[SourceDate "2023.11.12"]
[SourceVersion "1"]
[SourceVersionDate "2023.11.12"]
[SourceQuality "1"]

1. c4 e5 2. Nc3 f5 3. Nf3 Nc6 4. e3 e4 5. Nd4 Nxd4 6. exd4 Nf6 7. d3 Bb4 8. Bg5 h6 9. Bd2 Bxc3 10. Bxc3 d5 11. Qa4+ Bd7 12. Qa3 Bc6 13. 0-0-0 Ng4 14. Rd2 e3 15. fxe3 Nxe3 16. Be2 g6 17. Bf3 Kf7 18. Re2 Re8 19. Rhe1 f4 20. g3 Qg5 21. Bd2 fxg3 22. hxg3 Qxg3 23. Rxe3 Qh4 24. Qc5 dxc4 25. Qxc4+ Kg7 26. Bxc6 Rxe3 27. Rxe3 bxc6 28. Qxc6 1-0

[Event "Arco op 45th"]
[Site "Arco"]
[Date "2023.10.10"]
[Round "4"]
[White "Huesmann, Thomas"]
[Black "Hopfgartner, Heinz Roland"]
[Result "1-0"]
[WhiteElo "2155"]
[BlackElo "2010"]
[PlyCount "108"]
[EventDate "2023.10.07"]
[EventType "swiss"]
[EventRounds "9"]
[EventCountry "ITA"]
[SourceTitle "Mega2024 Update 01"]
[Source "Chessbase"]
[SourceDate "2023.11.12"]
[SourceVersion "1"]
[SourceVersionDate "2023.11.12"]
[SourceQuality "1"]

1. e4 e6 2. d4 d5 3. Nc3 Nf6 4. Bg5 Be7 5. e5 Nfd7 6. Bxe7 Qxe7 7. Nb5 Nb6 8. c3 a6 9. Na3 Bd7 10. f4 Na4 11. Qc1 c5 12. Nf3 Nc6 13. b3 Nb6 14. Nc2 Rc8 15. Qd2 cxd4 16. cxd4 0-0 17. Bd3 f6 18. exf6 Qxf6 19. g3 Rc7 20. 0-0 Nc8 21. Ne3 g6 22. Ng4 Qg7 23. Nge5 Nd6 24. Rac1 Rfc8 25. Nxc6 Bxc6 26. Rfe1 Bd7 27. Rxc7 Rxc7 28. a4 Qf8 29. Ne5 Qc8 30. Qb4 Nf7 31. Ng4 Kg7 32. Qd2 Rc3 33. Bc4 Rxc4 34. bxc4 dxc4 35. Qc3 b5 36. d5+ Kf8 37. Nf6 exd5 38. Nxh7+ Kg8 39. Nf6+ Kf8 40. Qb4+ Kg7 41. Nxd5 Qc6 42. Qc3+ Kf8 43. Qd4 Bh3 44. axb5 axb5 45. Ra1 b4 46. Ne3 Qf3 47. Re1 Be6 48. Qc5+ Kg7 49. Qxb4 Bd7 50. Qb2+ Kf8 51. Qg2 Qh5 52. Qd5 Qh3 53. Qxc4 Qh8 54. Qb4+ Kg7 1-0

[Event "Arco op 44th"]
[Site "Arco"]
[Date "2022.10.15"]
[Round "8"]
[White "Hopfgartner, Heinz Roland"]
[Black "Morselli, Stefano"]
[Result "1-0"]
[WhiteElo "2014"]
[BlackElo "1783"]
[PlyCount "59"]
[EventDate "2022.10.08"]
[EventType "swiss"]
[EventRounds "9"]
[EventCountry "ITA"]
[SourceTitle "CBM 210 Extra"]
[Source "ChessBase"]
[SourceDate "2022.11.30"]
[SourceVersion "1"]
[SourceVersionDate "2022.11.30"]
[SourceQuality "1"]

1. c4 e5 2. g3 f5 3. d4 exd4 4. Nf3 Nc6 5. Bg2 Bb4+ 6. Nbd2 Nf6 7. 0-0 Bxd2 8. Qxd2 Ne4 9. Qd3 Qf6 10. Rd1 Nc5 11. Qa3 Ne6 12. b3 g5 13. Bb2 g4 14. Nxd4 Ncxd4 15. e3 c5 16. exd4 cxd4 17. Qd6 Rf8 18. Re1 Kf7 19. Bd5 Kg6 20. Rad1 Ng5 21. Qxf6+ Rxf6 22. Bxd4 Rd6 23. Re7 Ne6 24. Be5 Ra6 25. Rd2 Ng5 26. Kg2 Ne4 27. Re2 d6 28. Bd4 Nc5 29. Rg7+ Kh6 30. Ree7 1-0

[Event "Arco op 44th"]
[Site "Arco"]
[Date "2022.10.11"]
[Round "4"]
[White "Hopfgartner, Heinz Roland"]
[Black "Player, Edmund C"]
[Result "0-1"]
[WhiteElo "2014"]
[BlackElo "2203"]
[PlyCount "52"]
[EventDate "2022.10.08"]
[EventType "swiss"]
[EventRounds "9"]
[EventCountry "ITA"]
[SourceTitle "CBM 210 Extra"]
[Source "ChessBase"]
[SourceDate "2022.11.30"]
[SourceVersion "1"]
[SourceVersionDate "2022.11.30"]
[SourceQuality "1"]

1. c4 c5 2. g3 Nc6 3. Bg2 g6 4. Nc3 Bg7 5. Nf3 d6 6. 0-0 e5 7. d3 Nge7 8. Bg5 f6 9. Bd2 Be6 10. a3 a5 11. e4 0-0 12. Rb1 Qb8 13. Nb5 Na7 14. Nxa7 Qxa7 15. b4 b6 16. Ra1 h6 17. Nh4 Rae8 18. bxa5 bxa5 19. Rb1 Rb8 20. Qa4 Ra8 21. Rb2 Bd7 22. Qc2 g5 23. Nf3 Rab8 24. Rfb1 Rxb2 25. Qxb2 Nc6 26. Qb7 Rb8 0-1

[Event "Arco op 44th"]
[Site "Arco"]
[Date "2022.10.10"]
[Round "3"]
[White "Dittmar, Peter"]
[Black "Hopfgartner, Heinz Roland"]
[Result "1/2-1/2"]
[WhiteElo "2206"]
[BlackElo "2014"]
[PlyCount "89"]
[EventDate "2022.10.08"]
[EventType "swiss"]
[EventRounds "9"]
[EventCountry "ITA"]
[SourceTitle "CBM 210 Extra"]
[Source "ChessBase"]
[SourceDate "2022.11.30"]
[SourceVersion "1"]
[SourceVersionDate "2022.11.30"]
[SourceQuality "1"]

1. Nf3 Nf6 2. c4 e6 3. b3 d5 4. Bb2 Be7 5. e3 c5 6. cxd5 exd5 7. Bb5+ Bd7 8. Bxd7+ Nbxd7 9. 0-0 0-0 10. d4 Rc8 11. dxc5 Nxc5 12. Nc3 Nce4 13. Ne2 Bd6 14. Ned4 Qd7 15. Qd3 a6 16. h3 Rfd8 17. Rac1 h6 18. Rfd1 Rxc1 19. Rxc1 Rc8 20. Rxc8+ Qxc8 21. Ne2 Qe6 22. Qc2 Qe8 23. Ned4 Qd7 24. Nd2 Be5 25. Nxe4 Nxe4 26. Qe2 Bxd4 27. Bxd4 Qc6 28. g3 f6 29. Kg2 Ng5 30. h4 Ne6 31. Qg4 Nxd4 32. exd4 Kf7 33. Qh5+ Kf8 34. Qf5 Kf7 35. h5 Kf8 36. g4 Ke7 37. Qh7 Kf8 38. Qh8+ Kf7 39. Qd8 b5 40. a3 Qe6 41. Kg3 Qc6 42. f3 Qe6 43. Qc7+ Kf8 44. Kf4 Kg8 45. Qc5 1/2-1/2

[Event "Arco op 43rd"]
[Site "Arco"]
[Date "2021.10.16"]
[Round "8"]
[White "Hopfgartner, Heinz Roland"]
[Black "Donadi, Luca"]
[Result "1-0"]
[WhiteElo "2010"]
[BlackElo "1631"]
[PlyCount "87"]
[EventDate "2021.10.09"]
[EventType "swiss"]
[EventRounds "9"]
[EventCountry "ITA"]
[SourceTitle "CBM 204 Extra"]
[Source "ChessBase"]
[SourceDate "2021.11.30"]
[SourceVersion "1"]
[SourceVersionDate "2021.11.30"]
[SourceQuality "1"]

1. c4 e5 2. g3 Nf6 3. Bg2 d5 4. cxd5 Nxd5 5. Nc3 Nb6 6. Nf3 Nc6 7. 0-0 Be7 8. a3 Be6 9. b4 0-0 10. Rb1 f6 11. d3 a5 12. b5 Nd4 13. Ne1 Qc8 14. e3 Nf5 15. Bb2 Rd8 16. Qc2 Nd7 17. Nd5 c6 18. bxc6 bxc6 19. Nxe7+ Nxe7 20. d4 Ba2 21. Rc1 Bd5 22. dxe5 Nxe5 23. Bxe5 fxe5 24. Nf3 Be6 25. Nd2 Bd5 26. Nc4 Qe6 27. Qc3 Ng6 28. e4 Bxc4 29. Qxc4 Qxc4 30. Rxc4 Rd3 31. Ra1 Rd6 32. Rac1 Rd3 33. R1c3 Rd1+ 34. Bf1 Re1 35. Rc1 Rxc1 36. Rxc1 Rc8 37. Rc5 Kf7 38. Bc4+ Kf6 39. Rxa5 Kg5 40. h4+ Nxh4 41. gxh4+ Kxh4 42. Ra7 h5 43. Rxg7 Kh3 44. Be6+ 1-0

[Event "Arco op 43rd"]
[Site "Arco"]
[Date "2021.10.12"]
[Round "4"]
[White "Prelati, Maurizio"]
[Black "Hopfgartner, Heinz Roland"]
[Result "1/2-1/2"]
[WhiteElo "1843"]
[BlackElo "2010"]
[PlyCount "38"]
[EventDate "2021.10.09"]
[EventType "swiss"]
[EventRounds "9"]
[EventCountry "ITA"]
[SourceTitle "CBM 204 Extra"]
[Source "ChessBase"]
[SourceDate "2021.11.30"]
[SourceVersion "1"]
[SourceVersionDate "2021.11.30"]
[SourceQuality "1"]

1. e4 e6 2. d4 d5 3. Nc3 Nf6 4. e5 Nfd7 5. f4 c5 6. Nf3 Nc6 7. Be3 a6 8. Qd2 b5 9. dxc5 Bxc5 10. Bd3 Qb6 11. Bf2 Bxf2+ 12. Qxf2 Qxf2+ 13. Kxf2 Nc5 14. Rhd1 Ke7 15. Ne2 Bb7 16. Ned4 Rac8 17. g4 Nxd4 18. Nxd4 h5 19. g5 g6 1/2-1/2

[Event "Bayern-chI Bank Hofmann 16th"]
[Site "Bad Wiessee"]
[Date "2012.10.28"]
[Round "2"]
[White "Gutman, Lev"]
[Black "Hopfgartner, Heinz Roland"]
[Result "1-0"]
[WhiteElo "2466"]
[BlackElo "2040"]
[PlyCount "117"]
[EventDate "2012.10.27"]
[EventType "swiss"]
[EventRounds "9"]
[EventCountry "GER"]
[SourceTitle "EXT 2013"]
[Source "ChessBase"]
[SourceDate "2012.11.22"]
[SourceVersion "1"]
[SourceVersionDate "2012.11.22"]
[SourceQuality "1"]

1. Nf3 d5 2. g3 Nf6 3. Bg2 Bf5 4. 0-0 e6 5. d3 Be7 6. c4 c6 7. Be3 Nbd7 8. Qb3 Qc8 9. Nc3 0-0 10. Rac1 dxc4 11. Qxc4 h6 12. Qb3 a6 13. Bf4 Bh7 14. e4 Nc5 15. Qc2 Rd8 16. Rfd1 a5 17. Ne5 Ne8 18. d4 Nd7 19. Na4 Nef6 20. Qe2 Ra6 21. d5 Nxe5 22. Bxe5 exd5 23. exd5 Qg4 24. Qxg4 Nxg4 25. Bc7 Rxd5 26. Bxd5 cxd5 27. Rxd5 Be4 28. Rxa5 Rf6 29. Bb6 Bc6 30. Bd4 Rd6 31. Bc5 Rd7 32. Bxe7 Rxe7 33. Nc3 Ne5 34. Nd5 Re6 35. Ne3 Nf3+ 36. Kf1 Nxh2+ 37. Ke2 Ng4 38. Rc3 Ne5 39. b4 Bf3+ 40. Ke1 Nc6 41. Ra8+ Kh7 42. b5 Nd4 43. a4 f5 44. Rcc8 Be4 45. Re8 Nf3+ 46. Ke2 Nd4+ 47. Kf1 Rf6 48. Rad8 Nf3 49. Nd5 Nd2+ 50. Ke2 Bxd5 51. Rxd5 Ne4 52. Ke3 Nd6 53. Re7 b6 54. f4 h5 55. Kf3 Kh6 56. Rde5 Kg6 57. R5e6 Nc4 58. Rxf6+ Kxf6 59. Rc7 1-0

[Event "IECG CP.2004.Q.00013 email"]
[Site "IECG email"]
[Date "2006.01.20"]
[Round "?"]
[White "Hopfgartner, Heinz Roland"]
[Black "Parisi, Cosimo"]
[Result "1-0"]
[WhiteElo "1977"]
[BlackElo "2099"]
[PlyCount "39"]
[EventDate "2006.01.20"]
[EventType "tourn (corr)"]
[EventRounds "6"]
[EventCountry "GER"]
[SourceTitle "Corr 2008"]
[Source "ChessBase"]
[SourceDate "2008.06.24"]
[SourceVersion "1"]
[SourceVersionDate "2008.06.24"]
[SourceQuality "1"]

1. e4 d5 2. exd5 Qxd5 3. Nc3 Qa5 4. d4 Nf6 5. Nf3 c6 6. Ne5 Be6 7. Bd3 Nbd7 8. f4 g6 9. 0-0 Bg7 10. Kh1 Bf5 11. Bc4 e6 12. Be2 h5 13. Be3 Rd8 14. Bg1 Nxe5 15. fxe5 Ne4 16. Nxe4 Bxe4 17. Bf3 Bd5 18. b3 Qc7 19. c4 Bxf3 20. Qxf3 1-0

[Event "IECG CP.2004.Q.00013 email"]
[Site "IECG email"]
[Date "2006.01.20"]
[Round "?"]
[White "Hopfgartner, Heinz Roland"]
[Black "Van Moorsel, Aad"]
[Result "0-1"]
[WhiteElo "1977"]
[BlackElo "2245"]
[PlyCount "79"]
[EventDate "2006.01.20"]
[EventType "tourn (corr)"]
[EventRounds "6"]
[EventCountry "GER"]
[SourceTitle "Corr 2008"]
[Source "ChessBase"]
[SourceDate "2008.06.24"]
[SourceVersion "1"]
[SourceVersionDate "2008.06.24"]
[SourceQuality "1"]

1. d4 d5 2. c4 c6 3. Nf3 e6 4. e3 Nf6 5. Bd3 Nbd7 6. 0-0 Bd6 7. Nbd2 0-0 8. e4 e5 9. cxd5 cxd5 10. exd5 exd4 11. Ne4 Nxe4 12. Bxe4 Nc5 13. Qxd4 Nxe4 14. Qxe4 Re8 15. Qd4 Bf5 16. Re1 Rxe1+ 17. Nxe1 Qc7 18. Nf3 Bc5 19. Qf4 Qxf4 20. Bxf4 Rd8 21. Rd1 Be6 22. Be3 Bxe3 23. fxe3 Rxd5 24. Nd4 Rd8 25. Rc1 Bd5 26. Kf2 Kf8 27. a4 Ke8 28. g4 f6 29. b4 Kd7 30. a5 Be4 31. Nb5 Ke6 32. Nd4+ Kd7 33. Nb5 a6 34. Rc7+ Ke8 35. Nd4 Rd7 36. Rc5 Ke7 37. g5 Kd6 38. Kg3 fxg5 39. Rxg5 Rf7 40. h4 0-1

[Event "IECG CA.2004.0.00132 email"]
[Site "IECG email"]
[Date "2004.08.03"]
[Round "?"]
[White "Behl, Claus"]
[Black "Hopfgartner, Heinz Roland"]
[Result "1-0"]
[WhiteElo "2070"]
[BlackElo "2089"]
[PlyCount "103"]
[EventDate "2004.08.03"]
[EventType "tourn (corr)"]
[EventRounds "6"]
[SourceTitle "Corr 2008"]
[Source "ChessBase"]
[SourceDate "2008.06.24"]
[SourceVersion "1"]
[SourceVersionDate "2008.06.24"]
[SourceQuality "1"]

1. e4 Nf6 2. e5 Nd5 3. d4 d6 4. Nf3 dxe5 5. Nxe5 c6 6. Bc4 Nd7 7. Nf3 N7b6 8. Bb3 Bg4 9. h3 Bxf3 10. Qxf3 e6 11. 0-0 Qf6 12. Qe4 0-0-0 13. c4 Ne7 14. Rd1 Nf5 15. Be3 Be7 16. Nc3 Nxe3 17. Qxe3 Qg5 18. Qe2 Rhe8 19. a4 a5 20. Qf3 Qf5 21. Qxf5 exf5 22. c5 Nd5 23. Bxd5 cxd5 24. Ra3 Bf8 25. Rb3 Re6 26. Rb5 Ra6 27. Re1 g6 28. Re5 Bg7 29. Re7 Rd7 30. Rxd7 Kxd7 31. Rxb7+ Kc6 32. Rxf7 Bxd4 33. Nb5 Kxc5 34. Rc7+ Kb6 35. Rxh7 Be5 36. Re7 Bb8 37. Kf1 Kc5 38. Ke2 Rb6 39. Kd3 Kb4 40. Nc3 Kc5 41. Re8 Bd6 42. Rc8+ Rc6 43. Ra8 Bc7 44. Nb5 Be5 45. Rxa5 Kb4 46. Ra7 Bxb2 47. Nc7 Rc3+ 48. Kd2 Kc4 49. Ra6 g5 50. Rc6+ Kb3 51. Rxc3+ Bxc3+ 52. Kd3 1-0

[Event "IECG CA.2004.0.00132 email"]
[Site "IECG email"]
[Date "2004.08.03"]
[Round "?"]
[White "Hopfgartner, Heinz Roland"]
[Black "Kachkin, Konstantin"]
[Result "0-1"]
[WhiteElo "2089"]
[BlackElo "2153"]
[PlyCount "68"]
[EventDate "2004.08.03"]
[EventType "tourn (corr)"]
[EventRounds "6"]
[SourceTitle "Corr 2008"]
[Source "ChessBase"]
[SourceDate "2008.06.24"]
[SourceVersion "1"]
[SourceVersionDate "2008.06.24"]
[SourceQuality "1"]

1. c4 c6 2. e4 d5 3. cxd5 cxd5 4. exd5 Nf6 5. Bb5+ Nbd7 6. Nc3 a6 7. Qa4 Rb8 8. Bxd7+ Qxd7 9. Qxd7+ Bxd7 10. Nge2 Rd8 11. h4 Bc8 12. Nf4 b5 13. b4 e5 14. dxe6 Bxb4 15. 0-0 fxe6 16. Re1 0-0 17. a4 e5 18. Nfe2 Bc5 19. axb5 axb5 20. Nxb5 Ng4 21. d4 exd4 22. Ba3 Bxa3 23. Rxa3 d3 24. Ned4 Nxf2 25. Ra2 Ng4 26. Nf3 Bb7 27. Nbd4 Rfe8 28. Rxe8+ Rxe8 29. Ra1 Bxf3 30. Nxf3 Kf7 31. Ra4 h5 32. Rd4 Ra8 33. g3 Ra1+ 34. Kg2 Rd1 0-1

[Event "IECG CA.2004.0.00132 email"]
[Site "IECG email"]
[Date "2004.08.03"]
[Round "?"]
[White "Hopfgartner, Heinz Roland"]
[Black "Kleinsorgen, Horst M"]
[Result "1/2-1/2"]
[WhiteElo "2089"]
[BlackElo "2145"]
[PlyCount "63"]
[EventDate "2004.08.03"]
[EventType "tourn (corr)"]
[EventRounds "6"]
[SourceTitle "Corr 2008"]
[Source "ChessBase"]
[SourceDate "2008.06.24"]
[SourceVersion "1"]
[SourceVersionDate "2008.06.24"]
[SourceQuality "1"]

1. c4 e5 2. g3 Nf6 3. Bg2 Nc6 4. Nc3 Bc5 5. d3 0-0 6. Nf3 d6 7. 0-0 h6 8. h3 Be6 9. b3 d5 10. e4 dxe4 11. dxe4 Qc8 12. Kh2 Rd8 13. Qe2 Nd4 14. Nxd4 Bxd4 15. Bd2 c6 16. Rad1 a5 17. f4 Qc7 18. f5 Bc8 19. Qf3 Qe7 20. a4 b6 21. Ne2 Bc5 22. Bc3 Bb7 23. Nc1 Bd4 24. Bxd4 Rxd4 25. Rxd4 exd4 26. Nd3 c5 27. Qe2 Re8 28. e5 Bxg2 29. Qxg2 Nd7 30. Qd5 Kh7 31. Re1 Qg5 32. Qxf7 1/2-1/2

[Event "IECG CA.2004.0.00132 email"]
[Site "IECG email"]
[Date "2004.08.03"]
[Round "?"]
[White "Korchut, Adam"]
[Black "Hopfgartner, Heinz Roland"]
[Result "1/2-1/2"]
[WhiteElo "2051"]
[BlackElo "2089"]
[PlyCount "67"]
[EventDate "2004.08.03"]
[EventType "tourn (corr)"]
[EventRounds "6"]
[SourceTitle "Corr 2008"]
[Source "ChessBase"]
[SourceDate "2008.06.24"]
[SourceVersion "1"]
[SourceVersionDate "2008.06.24"]
[SourceQuality "1"]

1. e4 d6 2. d4 Nf6 3. Nc3 g6 4. Be2 Bg7 5. Nf3 c6 6. 0-0 0-0 7. Re1 Qc7 8. Bf4 Nh5 9. Be3 Nd7 10. Qd2 Nhf6 11. Bh6 e5 12. Bxg7 Kxg7 13. a4 Re8 14. a5 Nf8 15. d5 Bg4 16. Qe3 cxd5 17. exd5 N8d7 18. Nb5 Qb8 19. c4 a6 20. Nc3 b6 21. Nd2 Bxe2 22. Rxe2 bxa5 23. Nce4 Qc7 24. Qc3 Nxe4 25. Nxe4 f5 26. Ng5 Nc5 27. Rxa5 h6 28. Rxc5 Qxc5 29. Ne6+ Rxe6 30. dxe6 Re8 31. b4 Qc7 32. c5 Rxe6 33. f4 Kf7 34. fxe5 1/2-1/2

[Event "IECG CA.2004.0.00132 email"]
[Site "IECG email"]
[Date "2004.08.03"]
[Round "?"]
[White "Lindstrom, Timothy"]
[Black "Hopfgartner, Heinz Roland"]
[Result "0-1"]
[WhiteElo "2000"]
[BlackElo "2089"]
[PlyCount "44"]
[EventDate "2004.08.03"]
[EventType "tourn (corr)"]
[EventRounds "6"]
[SourceTitle "Corr 2008"]
[Source "ChessBase"]
[SourceDate "2008.06.24"]
[SourceVersion "1"]
[SourceVersionDate "2008.06.24"]
[SourceQuality "1"]

1. c4 c5 2. Nc3 Nc6 3. g3 g6 4. Bg2 Bg7 5. e3 d6 6. Nge2 Nf6 7. 0-0 0-0 8. d4 Bf5 9. h3 cxd4 10. exd4 Rb8 11. g4 Bd7 12. Be3 a6 13. d5 Na5 14. b3 b5 15. cxb5 axb5 16. g5 Ne8 17. Rc1 e5 18. Ne4 Nb7 19. b4 f5 20. gxf6 Nxf6 21. Nxf6+ Bxf6 22. Nc3 Bg5 0-1

[Event "Oberwart op"]
[Site "Oberwart"]
[Date "2000.??.??"]
[Round "4"]
[White "Kovacs, Gabor H"]
[Black "Hopfgartner, Heinz Roland"]
[Result "1-0"]
[WhiteElo "2337"]
[BlackElo "2129"]
[PlyCount "93"]
[EventDate "2000.??.??"]
[EventType "swiss"]
[EventRounds "9"]
[EventCountry "AUT"]
[SourceTitle "EXT 2001"]
[Source "ChessBase"]
[SourceDate "2000.11.22"]
[SourceVersion "1"]
[SourceVersionDate "2000.11.22"]
[SourceQuality "1"]

1. d4 e6 2. Nf3 d5 3. Bf4 Nf6 4. e3 Bd6 5. Ne5 Nbd7 6. Nd2 Bxe5 7. dxe5 Ne4 8. Nxe4 dxe4 9. Qg4 Kf8 10. 0-0-0 h5 11. Qg3 Qe7 12. Bg5 f6 13. exf6 gxf6 14. Bh4 e5 15. Bc4 Qg7 16. Be6 Qxg3 17. hxg3 Ke7 18. Bxd7 Bxd7 19. Bxf6+ Kxf6 20. Rxd7 Rac8 21. Rh4 Kf5 22. Kd1 a5 23. Ke2 b6 24. Rd1 Rcg8 25. Rdh1 Rg5 26. g4+ Rxg4 27. Rxh5+ Rxh5 28. Rxh5+ Ke6 29. Rh7 Kd6 30. g3 Rg6 31. c4 c5 32. Rh4 Ke6 33. Rxe4 Kf5 34. Rh4 Re6 35. f3 Kg5 36. Rh2 e4 37. f4+ Kg4 38. Kf2 Rd6 39. Rh4+ Kf5 40. g4+ Kg6 41. Ke2 Rd8 42. g5 Rb8 43. Rh6+ Kg7 44. b3 b5 45. cxb5 Rxb5 46. Kd2 Rb7 47. Re6 1-0

[Event "Oberwart op"]
[Site "Oberwart"]
[Date "1998.07.29"]
[Round "5"]
[White "Hopfgartner, Heinz Roland"]
[Black "Wittmann, Walter"]
[Result "0-1"]
[WhiteElo "2145"]
[BlackElo "2380"]
[PlyCount "96"]
[EventDate "1998.07.25"]
[EventType "swiss"]
[EventRounds "9"]
[EventCountry "AUT"]
[SourceTitle "CBM 065 Extra"]
[Source "ChessBase"]
[SourceDate "1998.09.09"]
[SourceVersion "1"]
[SourceVersionDate "1998.09.09"]
[SourceQuality "1"]

1. c4 g6 2. Nc3 Bg7 3. g3 c5 4. Bg2 Nc6 5. Nf3 e5 6. 0-0 Nge7 7. d3 d6 8. Bd2 h6 9. Qc1 Be6 10. h3 Rb8 11. Kh2 a6 12. a4 b6 13. Ne1 h5 14. e4 Nd4 15. Ra3 h4 16. g4 Nec6 17. Nc2 Nxc2 18. Qxc2 Bh6 19. Bxh6 Rxh6 20. Qd2 g5 21. Ne2 Kf8 22. f3 Kg7 23. b3 Qf6 24. Ra2 Rhh8 25. Rb2 Rb7 26. Kg1 Rhb8 27. Rfb1 b5 28. Kh1 Kg6 29. Kg1 Qd8 30. axb5 axb5 31. Nc3 Nd4 32. Nd1 Qf6 33. Kf2 Ra7 34. Ra2 Rxa2 35. Qxa2 Qf4 36. Kf1 Nxf3 37. Bxf3 Qxf3+ 38. Nf2 Qf6 39. Qa7 Qd8 40. Ra1 bxc4 41. bxc4 Rb2 42. Ra2 Rb1+ 43. Ke2 Qf6 44. Qa6 Qd8 45. Nd1 Qb8 46. Qa3 Qc8 47. Nf2 Qb7 48. Nd1 Bxc4 0-1

[Event "Oberwart op"]
[Site "Oberwart"]
[Date "1998.07.27"]
[Round "3"]
[White "Hopfgartner, Heinz Roland"]
[Black "Pingitzer, Harald"]
[Result "0-1"]
[WhiteElo "2145"]
[BlackElo "2300"]
[PlyCount "66"]
[EventDate "1998.07.25"]
[EventType "swiss"]
[EventRounds "9"]
[EventCountry "AUT"]
[SourceTitle "CBM 065 Extra"]
[Source "ChessBase"]
[SourceDate "1998.09.09"]
[SourceVersion "1"]
[SourceVersionDate "1998.09.09"]
[SourceQuality "1"]

1. c4 c6 2. e4 d5 3. cxd5 cxd5 4. exd5 Nf6 5. Nc3 Nxd5 6. d4 Nc6 7. Nf3 Bg4 8. Bb5 Nxc3 9. bxc3 Qd5 10. Be2 e6 11. 0-0 Bd6 12. c4 Qf5 13. d5 Bxf3 14. dxc6 Qe5 15. g3 Bxe2 16. cxb7 Rd8 17. Qa4+ Ke7 18. Bf4 Qc5 19. Be3 Qc7 20. Qxa7 Bxf1 21. c5 Be5 22. Rxf1 Rb8 23. Rb1 Rhd8 24. Qa6 Bd4 25. Bxd4 Rxd4 26. c6 Rd5 27. Qa3+ Ke8 28. Rc1 f6 29. Qa8 Rdd8 30. Qa4 Kf7 31. Qh4 Rxb7 32. Qxh7 Rb6 33. h4 Rxc6 0-1

[Event "Oberwart op"]
[Site "Oberwart"]
[Date "1997.07.09"]
[Round "5"]
[White "Hopfgartner, Heinz Roland"]
[Black "Petschar, Kurt"]
[Result "0-1"]
[WhiteElo "1897"]
[BlackElo "2270"]
[PlyCount "136"]
[EventDate "1997.07.05"]
[EventType "swiss"]
[EventRounds "9"]
[EventCountry "AUT"]
[SourceTitle "EXT 1999"]
[Source "ChessBase"]
[SourceDate "1998.11.16"]
[SourceVersion "1"]
[SourceVersionDate "1998.11.16"]
[SourceQuality "1"]

1. c4 e5 2. Nc3 Nc6 3. g3 f5 4. Bg2 Nf6 5. e3 d5 6. cxd5 Nb4 7. d3 Nfxd5 8. Nxd5 Nxd5 9. Nf3 Bd6 10. 0-0 c6 11. e4 fxe4 12. dxe4 Nf6 13. Qb3 Qe7 14. Bg5 Qe6 15. Qc2 0-0 16. Rad1 Bc7 17. Be3 h6 18. Bc5 Re8 19. b3 Qf7 20. Bd6 Bg4 21. Bxc7 Qxc7 22. Rd2 Rad8 23. Rfd1 Rxd2 24. Rxd2 Qa5 25. Rd3 Kh7 26. Nd2 Be2 27. Rc3 Rd8 28. Nc4 Bxc4 29. bxc4 Rd4 30. Bh3 g6 31. Qb3 Qc7 32. Qa3 Nxe4 33. Re3 Ng5 34. Bf1 e4 35. Qf8 Qf7 36. Qxf7+ Nxf7 37. f4 exf3 38. Rxf3 Kg7 39. Ra3 a6 40. Rb3 Rd7 41. Rb2 Ng5 42. Bg2 Kf7 43. Kf2 Ne6 44. Bh3 Re7 45. Bxe6+ Kxe6 46. Ke3 Kd6+ 47. Kd4 c5+ 48. Kd3 Kc6 49. a4 Rd7+ 50. Kc3 b6 51. Rf2 Rd6 52. Rf7 b5 53. axb5+ axb5 54. cxb5+ Kxb5 55. Rb7+ Kc6 56. Rh7 h5 57. Kc4 Rd4+ 58. Kc3 Kd6 59. Rg7 Rg4 60. Rf7 Ke5 61. Rc7 Kd5 62. Re7 Ra4 63. Rd7+ Ke5 64. Re7+ Kf6 65. Re2 Kf5 66. Rf2+ Kg4 67. Rf6 g5 68. Rh6 Ra2 0-1

[Event "Oberwart op"]
[Site "Oberwart"]
[Date "1996.??.??"]
[Round "1"]
[White "Hopfgartner, Heinz Roland"]
[Black "Kummer, Helmut"]
[Result "1/2-1/2"]
[WhiteElo "1885"]
[BlackElo "2300"]
[PlyCount "57"]
[EventDate "1996.07.??"]
[EventType "swiss"]
[EventRounds "9"]
[EventCountry "AUT"]
[SourceTitle "CBM 053 Extra"]
[Source "ChessBase"]
[SourceDate "1996.09.01"]
[SourceVersion "1"]
[SourceVersionDate "1996.09.01"]
[SourceQuality "1"]

1. c4 e5 2. Nc3 Nc6 3. g3 d6 4. Bg2 f5 5. d3 Nf6 6. Nf3 Be7 7. 0-0 0-0 8. Rb1 a5 9. b3 Kh8 10. Bb2 Be6 11. Qd2 Qc8 12. Nb5 f4 13. Ng5 Bf5 14. gxf4 h6 15. fxe5 Nxe5 16. Ne4 c6 17. Nbxd6 Nxe4 18. Nxe4 Bxe4 19. Bxe5 Qe6 20. Bb2 Bxg2 21. Kxg2 Rf5 22. Qe3 Qg6+ 23. Kh1 Re8 24. Rg1 Bg5 25. Qg3 Rxe2 26. f4 Bxf4 27. Bxg7+ Kg8 28. Qxf4 Rxf4 29. Rxg6 1/2-1/2